000 00407nam a2200157 4500
999 _c2353
_d2353
008 200225b ||||| |||| 00| 0 eng d
082 0 0 _a658.91387
_bK321
100 _91932
_aKemp
245 1 0 _aBusiness notes for ship masters /
_cby Kemp & Young
250 _a2nd.
260 _aKent
_bKandy
_c1972
300 _a128 p.
650 0 _aMerchant marine--Management
700 _91933
_aYoung
942 _2ddc
_cBK